Responses for Show #4901 - Monday, December 26, 2005

Contestants

[<< previous game]

Bob McDonald, an aerospace engineer from San Pedro, California

Julie Reynolds, a writer from Washington, D.C.

Peter Rubin, a journalist from Brooklyn, New York (whose 1-day cash winnings total $21,400)

[next game >>]

Jeopardy! Round responses

STATE OF THE UNION
DREAD MAN WALKING
FALL DOWN GO BOOM!
WHAT'S UP, PEDIATRICIAN?
JUST THE FACT, MA'AM
OJ (ORANGE JUICE) THESAURUS
    $200 2
Idaho

Bob
    $200 1
Bob Marley

Bob
    $200 7
(Bob: What is the Sahara?)
...
(Alex: What is [*]? You were close, Bob.)

the Dunes

Bob
Triple Stumper
    $200 10
skin

Peter
    $200 16
(Bob: Who is Negroponte?)
...
(Alex: [*], yes. A great deal of publicity and controversy over his nomination some months ago.)
(Julie: Mm-hm.)

John Bolton

JulieBob
    $200 13
pulp

Bob
    $400 3
Massachusetts

Julie
    $400 8
Milli Vanilli

Bob
    $400 25
Beirut

Julie
    $400 17
incisors

Julie
    $400 21
whiskey

Peter
    $400 14
pure

Bob
    $600 4
New York

Bob
    $600 9
Sideshow Bob

Julie
    $600 26
Philadelphia

Julie
    $1,600 18
acetaminophen

Julie
    $600 22
(Mario) Puzo

Bob
    $600 15
concentrated

Bob
    $800 5
West Virginia

Bob
    $800 11
Lenny Kravitz

Peter
    $800 27
San Juan

Peter
    $800 19
croup

Bob
    $800 23
Thor

Peter
    $800 29
essential

Bob
    $1000 6
Wyoming (or Colorado)

Bob
    $1000 12
Counting Crows

Peter
    $1000 28
(Julie: What is Chicago?)
...
(Alex: And I went shopping there in the early 1950s, in [*].)
(Julie: Oh!...)

Detroit

Julie
Triple Stumper
    $1000 20
(Alex: I don't like that it's almost been eliminated, it should have been totally eliminated. 50% [*].)

mercury

Triple Stumper
    $1000 24
the circadian rhythm

Julie
    $1000 30
(Alex: You would know it better and enjoy it better as a [*].)

planter's punch

Triple Stumper

Scores at the first commercial break (after clue 16):

Peter Julie Bob
$2,000 $1,200 $4,000

Scores at the end of the Jeopardy! Round:

Peter Julie Bob
$4,000 $4,200 $6,200

Double Jeopardy! Round responses

ROYALTY
MOVIE STAR BY ROLES
MEN OF THE "C"
BANKING
LORD BYRON
GET OUT YOUR PHRASEBOOK
    $400 14
Lili'uokalani

Triple Stumper
    $400 2
Meryl Streep

Peter
    $400 1
Coolidge

Bob
    $400 10
(Peter: What is a savings union, or [*], rather? ...Whew!)

a credit union

Peter
    $400 22
(Peter: Who is Abel?)

Cain

PeterBob
    $400 9
the airport

Triple Stumper
    $800 15
(Peter: Who was Charles?)

Ferdinand

Peter
Triple Stumper
    $800 3
Sally Field

Bob
    $2,000 7
(Bob: Who is... Clydesdale?)
(Alex: No. You had to think of the Moon landing and the three astronauts coming back, and [*] was the "C" in that group.)

Michael Collins

Bob
    $800 16
trust

Julie
    $800 23
(Bob: Who is Virgil?)

Dante

PeterBob
    $800 13
seating for two

Bob
    $1200 19
(Bob: Who is Queen Mary?)

Queen Anne

Bob
Triple Stumper
    $1200 4
(Bob: Who is Sissy Spacek?)

Jessica Lange

Bob
Triple Stumper
    $1200 8
Paul Cezanne

Triple Stumper
    $1200 25
[The end-of-round signal sounds.]

beauty

Peter
    $1200 17
Catalan

Bob
    $1600 20
Swaziland

Triple Stumper
    $2,000 5
(Bob: Who is Danny DeVito?)
(Alex: No, who is [*]? Danny DeVito costarred with him in the movie Hoffa.)

Jack Nicholson

Bob
    $1600 11
(Peter: Who was Charles?)
(Bob: Who was Charlemagne?)

Hugh Capet

PeterBob
Triple Stumper
    $1600 18
Icelandic

Triple Stumper
    $2000 21
Christina

Triple Stumper
    $2000 6
(Julie: Oh, who is... [whispering] Alfie. What's his name? Oh...)
(Alex: Oh, too much time.)

Michael Caine

Julie
Triple Stumper
    $2000 12
Cosimo

Triple Stumper
    $2000 24
the road

Peter

Scores at the end of the Double Jeopardy! Round:

Peter Julie Bob
$6,000 $3,000 $1,000
(lock-tie game)

[wagering suggestions for these scores]

Final Jeopardy! Round responses

COMPOSERS
(Alex: Giuseppe Verdi is incorrect. He came later.)
...
(Alex: Amadeus was the movie, and his nemesis was [*].)
BobWho was Verdi?
$999
JulieWho was Verdi?
$2,000
PeterWho is Verdi?
$0
Antonio Salieri

Final scores:

Peter Julie Bob
$6,000 $1,000 $1
2-day champion: $27,400 2nd place: $2,000 3rd place: $1,000

Game dynamics:

Coryat scores:

Peter Julie Bob
$6,000 $2,000 $5,000
11 R,
3 W
9 R
(including 1 DD),
2 W
17 R,
8 W
(including 2 DDs)

Combined Coryat: $13,000

[game clues] [game scores] [suggest correction]

Game tape date: 2005-10-18
The J! Archive is created by fans, for fans. Scraping, republication, monetization, and malicious use prohibited; this site may use cookies and collect identifying information. See terms. The Jeopardy! game show and all elements thereof, including but not limited to copyright and trademark thereto, are the property of Jeopardy Productions, Inc. and are protected under law. This website is not affiliated with, sponsored by, or operated by Jeopardy Productions, Inc. Join the discussion at JBoard.tv.